<?xml version="1.0" encoding="UTF-8"?><?xml-stylesheet type="text/xsl" href="static/style.xsl"?><OAI-PMH xmlns="http://www.openarchives.org/OAI/2.0/" xmlns:xsi="http://www.w3.org/2001/XMLSchema-instance" xsi:schemaLocation="http://www.openarchives.org/OAI/2.0/ http://www.openarchives.org/OAI/2.0/OAI-PMH.xsd"><responseDate>2026-04-17T10:15:55Z</responseDate><request verb="GetRecord" identifier="oai:www.recercat.cat:2099.1/16844" metadataPrefix="marc">https://recercat.cat/oai/request</request><GetRecord><record><header><identifier>oai:recercat.cat:2099.1/16844</identifier><datestamp>2025-07-23T05:03:19Z</datestamp><setSpec>com_2072_1033</setSpec><setSpec>col_2072_452951</setSpec></header><metadata><record xmlns="http://www.loc.gov/MARC21/slim" xmlns:dcterms="http://purl.org/dc/terms/" xmlns:xsi="http://www.w3.org/2001/XMLSchema-instance" xmlns:doc="http://www.lyncode.com/xoai" xsi:schemaLocation="http://www.loc.gov/MARC21/slim http://www.loc.gov/standards/marcxml/schema/MARC21slim.xsd">
   <leader>00925njm 22002777a 4500</leader>
   <datafield ind2=" " ind1=" " tag="042">
      <subfield code="a">dc</subfield>
   </datafield>
   <datafield ind2=" " ind1=" " tag="720">
      <subfield code="a">Blasco i Giró, Marc</subfield>
      <subfield code="e">author</subfield>
   </datafield>
   <datafield ind2=" " ind1=" " tag="260">
      <subfield code="c">2012-06-13</subfield>
   </datafield>
   <datafield ind2=" " ind1=" " tag="520">
      <subfield code="a">Aquest projecte té com a principal objectiu el dissenyar i fabricar un equip capaç&#xd;
de separar les partícules de qualsevol producte, abrasiu o no, per sota de 1&#xd;
micra. Més concretament, obtenir un equip que permeti aconseguir aquesta&#xd;
granulometria a escala industrial amb una producció mínima de 500 kg/h. El&#xd;
desenvolupament d’aquest equip comportarà la obtenció d’una nova geometria&#xd;
de turbina que permeti reduir el cost energètic del procés i la aplicació de&#xd;
velocitats de gir per sobre de les 18000 rpm, que a la vegada requerirà la&#xd;
fabricació de rotors capaços de girar per sobre de les 6500 rpm (límit actual), a&#xd;
partir de materials ceràmics.</subfield>
   </datafield>
   <datafield tag="653" ind2=" " ind1=" ">
      <subfield code="a">Àrees temàtiques de la UPC::Enginyeria mecànica</subfield>
   </datafield>
   <datafield tag="653" ind2=" " ind1=" ">
      <subfield code="a">Mechanical</subfield>
   </datafield>
   <datafield tag="653" ind2=" " ind1=" ">
      <subfield code="a">Enginyeria mecànica</subfield>
   </datafield>
   <datafield ind2="0" ind1="0" tag="245">
      <subfield code="a">Disseny, càlcul i construcció d'un turboclassificador per a micropartícules abrasives</subfield>
   </datafield>
</record></metadata></record></GetRecord></OAI-PMH>